MEDICAL EMBRYOLOGY (Record no. 8276)

MARC details
000 -LEADER
fixed length control field 00334nam a22001577a 4500
003 - CONTROL NUMBER IDENTIFIER
control field SGT
082 ## - DEWEY DECIMAL CLASSIFICATION NUMBER
Classification number 611
Item number M16S
100 ## - MAIN ENTRY--PERSONAL NAME
Personal name SADLER, T.W
245 ## - TITLE STATEMENT
Title MEDICAL EMBRYOLOGY
250 ## - EDITION STATEMENT
Edition statement 12TH
260 ## - PUBLICATION, DISTRIBUTION, ETC. (IMPRINT)
Place of publication, distribution, etc DELHI
Name of publisher, distributor, etc WOLTERS KLUWER
Year of Publication 2016
300 ## - PAGE DESCRIPTION
No. of Pages 384
650 ## - SUBJECT ADDED ENTRY--TOPICAL TERM
Topical term or geographic name as entry element EMBRYOLOGY
653 ## - KEYWORDS--INDEX TERM
Keyword term ANATOMY ,EMBRYOLOGY
942 ## - ADDED ENTRY ELEMENTS (KOHA)
Source of classification or shelving scheme Dewey Decimal Classification
Koha item type Books
942 ## - ADDED ENTRY ELEMENTS (KOHA)
-- 13
Holdings
Withdrawn status Lost status Source of classification or shelving scheme Damaged status Not for loan Collection code Home library Current library Shelving location Date acquired Vendor Name Cost, normal purchase price SGTU Bill Number Total Checkouts Full call number Accession No. (Barcode) Date last seen Bill Date Koha item type Use restrictions Date last borrowed
    Dewey Decimal Classification     AYURVEDA SGT FA-FP Library SGT FA-FP Library Text Book 01/03/2016 AHUJA 850.00 SGTU 6404   611 M16S FA2767 04/05/2019 22/12/2015 Books    
    Dewey Decimal Classification     AYURVEDA SGT FA-FP Library SGT FA-FP Library Reference Book 01/03/2016 AHUJA 850.00 SGTU 6404 2 611 M16S FA2768 25/04/2024 22/12/2015 Books Restricted Access 25/04/2024
    Dewey Decimal Classification     AYURVEDA SGT FA-FP Library SGT FA-FP Library Text Book 01/03/2016 AHUJA 850.00 SGTU 6404 7 611 M16S FA2769 01/05/2026 22/12/2015 Books   16/04/2026
    Dewey Decimal Classification     AYURVEDA SGT FA-FP Library SGT FA-FP Library Text Book 01/03/2016 AHUJA 850.00 SGTU 6404 13 611 M16S FA2770 30/01/2026 22/12/2015 Books   16/01/2026
    Dewey Decimal Classification     AYURVEDA SGT FA-FP Library SGT FA-FP Library Text Book 01/03/2016 AHUJA 850.00 SGTU 6404   611 M16S FA2771 01/03/2016 22/12/2015 Books